Fragmentos de historia ambiental colombiana

Bibliographic Details
Main Author: Leal, Claudia
Format: eBook
Language:Spanish
Published: Bogot:̀ Universidad de Los Andes (Colombia), 2020
Subjects:
Online Access:Acceso restringido

MARC

LEADER 00000nam a22000007a 4500
005 20200721225330.0
007 cr|||| ||||
008 200721s2020 co |||||s|||| 00||0 spa d
020 |a 978-958-774-928-1 
035 |a 31843 
040 |a vLex 
090 |c 10665  |d 10665 
100 1 |a Leal, Claudia 
245 1 0 |a Fragmentos de historia ambiental colombiana  |h [Recurso electrn̤ico] /  |c Claudia Leal 
256 |a Servicio en ln̕ea 
260 |a Bogot:̀  |b Universidad de Los Andes (Colombia),  |c 2020 
300 |a 1 recurso electrn̤ico 
506 1 |a Disponible solo en los productos indicados  |d vLex Global  |d vLex Global (Academic Edition, excluding Law Schools)  |d vLex Global (U.S. Academic Edition, Law Schools)  |d vLex Global (U.S. Academic Edition, excluding Law Schools)  |d vLex Global (Academic Edition, Law Schools) 
650 0 4 |a Derecho del Medio Ambiente  |z Colombia 
740 0 |a vLex Libros (Servicio en ln̕ea) 
856 4 0 |u http://vlex.com/source/fragmentos-historia-ambiental-colombiana-31843  |z Acceso restringido 
942 |c BOOK 
999 0 |a Environmental Law